Prix des produits apple - Statistiques

Statistiques générales
  • Ce quiz a été pris 175 fois
  • Le résultat moyen est 7 sur 21
Statistiques - réponses
Hint Réponse % Correct
apple tv 4k 32go 199
66%
air pods 3ème gen 199
66%
air pods 2 149
62%
apple watch SE 299
61%
Ipad pro 899
50%
mac mini 799
48%
apple watch hermes 1299
43%
air pods pro 279
39%
apple watch série 3 219
30%
iphone 13 809
24%
iphone 11 589
23%
iphone 12 689
22%
iphone SE 2020 489
21%
macbook air 1129
18%
iphone 13 pro 1159
18%
apple watch 7ème gen 429
17%
apple watch nike 429
17%
ipad mini 559
17%
ipad Air 669
14%
Imac 24 pouces 1449
9%
macbook pro 13 pouces 1449
9%
Aucun quiz correspondant
Distribution des résultats
% des personnes avec chaque résultat
Percentile par nombre de réponses
Votre historique - résultats
Vous n’avez pas pris ce quiz